[Event "South Wales op 15th"]
[Site "Cardiff"]
[Date "2018.07.08"]
[Round "3"]
[White "Brown, Thomas"]
[Black "Sivarajasingam, Shayanna"]
[Result "1-0"]
[WhiteElo "2066"]
[BlackElo "1780"]
[PlyCount "137"]
[EventDate "2018.07.07"]
[EventType "swiss"]
[EventRounds "9"]
[EventCountry "WLS"]
[SourceTitle "EXT 2019"]
[Source "ChessBase"]
[SourceDate "2018.10.10"]
[SourceVersion "1"]
[SourceVersionDate "2018.10.10"]
[SourceQuality "1"]

1. Nf3 Nf6 2. c4 e6 3. g3 d5 4. Bg2 Be7 5. 0-0 0-0 6. b3 a5 7. Bb2 a4 8. Nc3 a3 9. Bc1 Nc6 10. d4 Ne4 11. Nb5 Re8 12. Bf4 Nd6 13. Rc1 Nb4 14. Bxd6 Bxd6 15. Qd2 dxc4 16. Rxc4 Nd5 17. e4 Nb6 18. Rc2 c6 19. Nxd6 Qxd6 20. e5 Qe7 21. Ng5 Nd5 22. Ne4 Rd8 23. Nd6 Nc7 24. f4 f5 25. Rd1 g6 26. Qe3 Ne8 27. Nc4 Nc7 28. Nd6 Ne8 29. Nxe8 Qxe8 30. Qc3 Qe7 31. Qc5 Kf7 32. Qxe7+ Kxe7 33. Kf2 Bd7 34. Ke3 Be8 35. Rc5 Ra7 36. b4 Ra4 37. Rb1 Bd7 38. Ra5 Ra8 39. Rxa8 Rxa8 40. Kd3 b5 41. Rc1 Ra6 42. Bf3 h5 43. h3 Kf7 44. g4 hxg4 45. hxg4 Kf8 46. gxf5 gxf5 47. Rh1 Kg7 48. Rg1+ Kf8 49. Rg6 Ke7 50. Bh5 Ra4 51. Rg7+ Kd8 52. Kc3 Ra6 53. Bd1 Ke8 54. Kd3 Ra7 55. Rh7 Kd8 56. Bb3 Ra6 57. Ke3 Kc8 58. Kf2 Rb6 59. Kg3 Rb7 60. Kh4 Rb6 61. Kg5 Rb7 62. Kf6 Rb6 63. Re7 Ra6 64. Bxe6 Bxe6 65. Rxe6 Ra4 66. Rxc6+ Kb7 67. Rc3 Rxb4 68. Rxa3 Rxd4 69. Kxf5 1-0

[Event "WLS-chT 1718"]
[Site "Wales"]
[Date "2018.05.20"]
[Round "5.12"]
[White "Sivarajasingam, Shayanna"]
[Black "Allford, Zane"]
[Result "0-1"]
[WhiteElo "1815"]
[BlackElo "1674"]
[PlyCount "116"]
[EventDate "2017.10.22"]
[EventType "team-tourn"]
[EventRounds "5"]
[EventCountry "WLS"]
[SourceTitle "EXT 2020"]
[Source "ChessBase"]
[SourceDate "2019.10.17"]
[SourceVersion "1"]
[SourceVersionDate "2019.10.17"]
[SourceQuality "1"]
[WhiteTeam "Cardiff"]
[BlackTeam "Abergavenny"]
[WhiteTeamCountry "WLS"]
[BlackTeamCountry "WLS"]

1. e4 e5 2. Nf3 Nf6 3. Nxe5 d6 4. Nf3 Nxe4 5. Nc3 Nxc3 6. dxc3 Be7 7. Be3 0-0 8. Qd2 Nc6 9. h3 Be6 10. Bd3 Ne5 11. Nxe5 dxe5 12. 0-0-0 Bxa2 13. c4 c6 14. Qc3 Qc7 15. b3 Ba3+ 16. Kd2 a5 17. Ke2 Bb4 18. Qb2 f5 19. c3 e4 20. Bxe4 fxe4 21. cxb4 axb4 22. Bc5 Rf7 23. Ra1 Qa5 24. Bxb4 Qxb4 25. Rxa2 Raf8 26. Rf1 Qc5 27. Ke1 e3 28. f3 Qb4+ 29. Ke2 Rd7 30. Qc1 Qxb3 31. Ra3 Qb4 32. Rxe3 Rfd8 33. Kf2 Rd2+ 34. Re2 Qc5+ 35. Ke1 Rxe2+ 36. Kxe2 Qd4 37. Re1 Re8+ 38. Kf1 Rxe1+ 39. Kxe1 Qg1+ 40. Kd2 Qxg2+ 41. Ke3 Qg5+ 42. f4 Qg3+ 43. Kd4 Qxh3 44. Qe1 Qd7+ 45. Kc5 Kf7 46. Qc3 Qc7 47. Qf3 b6+ 48. Kb4 Qd6+ 49. Kb3 g6 50. Qe3 c5 51. Qf3 Kf6 52. Ka4 Qd7+ 53. Kb3 h5 54. Qc3+ Qd4 55. Qg3 Qd1+ 56. Kc3 Qa1+ 57. Kb3 Qb1+ 58. Kc3 Qb4+ 0-1

[Event "WLS-chT 1718"]
[Site "Wales"]
[Date "2018.04.22"]
[Round "4.16"]
[White "Heap, Gerry"]
[Black "Sivarajasingam, Shayanna"]
[Result "1/2-1/2"]
[WhiteElo "2080"]
[BlackElo "1773"]
[PlyCount "64"]
[EventDate "2017.10.22"]
[EventType "team-tourn"]
[EventRounds "5"]
[EventCountry "WLS"]
[SourceTitle "EXT 2020"]
[Source "ChessBase"]
[SourceDate "2019.10.17"]
[SourceVersion "1"]
[SourceVersionDate "2019.10.17"]
[SourceQuality "1"]
[WhiteTeam "Cardigan"]
[BlackTeam "Cardiff"]
[WhiteTeamCountry "WLS"]
[BlackTeamCountry "WLS"]

1. c4 e6 2. Nf3 Nf6 3. g3 d5 4. b3 Be7 5. Bg2 0-0 6. 0-0 a5 7. Bb2 a4 8. cxd5 exd5 9. bxa4 Nbd7 10. Nc3 Nb6 11. d3 Bd7 12. Qd2 Nxa4 13. Nxa4 Rxa4 14. Rfc1 c5 15. Qc2 b5 16. e3 Qb6 17. Ne5 Be6 18. f4 Rfa8 19. a3 R8a7 20. Qe2 c4 21. dxc4 bxc4 22. Bd4 Bc5 23. Rab1 Qc7 24. Bxc5 Qxc5 25. Rb8+ Bc8 26. g4 Ra8 27. Rxa8 Rxa8 28. g5 Nd7 29. Rxc4 dxc4 30. Bxa8 Nxe5 31. fxe5 Qxa3 32. Bd5 Qa1+ 1/2-1/2

[Event "WLS-ch 64th"]
[Site "Cardiff"]
[Date "2018.04.02"]
[Round "6"]
[White "Smith, Lynda"]
[Black "Sivarajasingam, Shayanna"]
[Result "1/2-1/2"]
[WhiteElo "1855"]
[BlackElo "1729"]
[PlyCount "49"]
[EventDate "2018.03.30"]
[EventType "swiss"]
[EventRounds "7"]
[EventCountry "WLS"]
[SourceTitle "CBM 183 Extra"]
[Source "ChessBase"]
[SourceDate "2018.04.19"]
[SourceVersion "1"]
[SourceVersionDate "2018.04.19"]
[SourceQuality "1"]

1. d4 d5 2. c4 e6 3. Nc3 Nf6 4. cxd5 exd5 5. Bg5 c6 6. e3 Be7 7. Bd3 0-0 8. Qc2 Nbd7 9. Nge2 Re8 10. 0-0 h6 11. Bh4 Ne4 12. Bxe7 Qxe7 13. Bxe4 dxe4 14. d5 Qc5 15. dxc6 Qxc6 16. Nd4 Qg6 17. Nd5 Re5 18. Nf4 Qb6 19. Rac1 Nc5 20. a3 Ne6 21. Ndxe6 Bxe6 22. Nxe6 Rxe6 23. Rfd1 Rc6 24. Qd2 Rac8 25. h3 1/2-1/2

[Event "WLS-ch 64th"]
[Site "Cardiff"]
[Date "2018.03.30"]
[Round "1"]
[White "Sivarajasingam, Shayanna"]
[Black "Heaven, Peter"]
[Result "1/2-1/2"]
[WhiteElo "1729"]
[BlackElo "2022"]
[PlyCount "70"]
[EventDate "2018.03.30"]
[EventType "swiss"]
[EventRounds "7"]
[EventCountry "WLS"]
[SourceTitle "CBM 183 Extra"]
[Source "ChessBase"]
[SourceDate "2018.04.19"]
[SourceVersion "1"]
[SourceVersionDate "2018.04.19"]
[SourceQuality "1"]

1. e4 c5 2. Nf3 e6 3. c4 Nc6 4. Nc3 Nd4 5. Nxd4 cxd4 6. Ne2 Nf6 7. d3 e5 8. f4 Ng4 9. a3 d6 10. f5 h5 11. Ng1 g6 12. fxg6 fxg6 13. Nf3 Be7 14. Be2 Bh4+ 15. g3 Bf6 16. h4 Bd7 17. Bd2 a5 18. b4 axb4 19. axb4 0-0 20. 0-0 Qe7 21. Ng5 Ne3 22. Bxe3 Rxa1 23. Qxa1 dxe3 24. Nf3 Bh3 25. Re1 Bg7 26. Ng5 Bc8 27. Qc1 d5 28. Qxe3 Qxb4 29. Rf1 Rxf1+ 30. Bxf1 dxc4 31. dxc4 Bf8 32. Qf3 Qe7 33. Kh2 Bg4 34. Qf2 Qc7 35. Qf6 Qg7 1/2-1/2

[Event "BCF-chT4S 1718 (4NCL)"]
[Site "England"]
[Date "2018.02.11"]
[Round "6.54"]
[White "Watson, Jacob"]
[Black "Sivarajasingam, Shayanna"]
[Result "1-0"]
[WhiteElo "1881"]
[BlackElo "1688"]
[PlyCount "77"]
[EventDate "2017.11.11"]
[EventType "team-swiss"]
[EventRounds "11"]
[EventCountry "ENG"]
[SourceTitle "EXT 2020"]
[Source "ChessBase"]
[SourceDate "2019.10.17"]
[SourceVersion "1"]
[SourceVersionDate "2019.10.17"]
[SourceQuality "1"]
[WhiteTeam "KJCA Young Kestrels"]
[BlackTeam "Fischer's Catch"]
[WhiteTeamCountry "ENG"]
[BlackTeamCountry "WLS"]

1. e4 e6 2. d4 d5 3. exd5 exd5 4. Nf3 Bd6 5. Bd3 Nc6 6. c3 Nge7 7. Qc2 Bg4 8. Nbd2 Qd7 9. 0-0 0-0-0 10. Re1 f6 11. b4 Nf5 12. h3 Bxh3 13. gxh3 Nce7 14. Bf1 g5 15. Bg2 h5 16. Nf1 g4 17. N3h2 Rdg8 18. Qd3 g3 19. fxg3 Nxg3 20. Qf3 f5 21. Bf4 Bxf4 22. Qxf4 Ne4 23. Ne3 Nxc3 24. Nf3 Kb8 25. Ne5 Qb5 26. Qf1 Qxf1+ 27. Kxf1 f4 28. Nd1 Nb5 29. Nd7+ Kc8 30. Rxe7 Nxd4 31. Bxd5 Rg3 32. Nc5 c6 33. Be6+ Nxe6 34. Nxe6 Rxh3 35. Nf2 Rf3 36. Rd1 Rg3 37. Ne4 h4 38. Nd6+ Kb8 39. Rxb7+ 1-0

[Event "BCF-ch U16"]
[Site "Llandudno"]
[Date "2017.08.02"]
[Round "4"]
[White "Boswell, Jacob Connor"]
[Black "Sivarajasingam, Shayanna"]
[Result "1/2-1/2"]
[WhiteElo "1914"]
[BlackElo "1774"]
[PlyCount "45"]
[EventDate "2017.07.30"]
[EventType "swiss"]
[EventRounds "7"]
[EventCountry "WLS"]
[SourceTitle "CBM 179 Extra"]
[Source "ChessBase"]
[SourceDate "2017.08.23"]
[SourceVersion "1"]
[SourceVersionDate "2017.08.23"]
[SourceQuality "1"]

1. e4 e6 2. d4 d5 3. Nd2 dxe4 4. Nxe4 Nd7 5. Nf3 Ngf6 6. Nxf6+ Nxf6 7. Bd3 c5 8. dxc5 Bxc5 9. 0-0 Qc7 10. Bg5 Nd5 11. a3 0-0 12. Qe2 Nf4 13. Bxf4 Qxf4 14. b4 Be7 15. c4 b6 16. Be4 Rb8 17. Rad1 Bb7 18. Bxb7 Rxb7 19. Rd4 Qc7 20. Rfd1 Rd8 21. Rxd8+ Bxd8 22. Ne5 Bf6 23. Nd7 1/2-1/2

[Event "BCF-ch U16"]
[Site "Llandudno"]
[Date "2017.08.01"]
[Round "3"]
[White "Ifalore, Michael"]
[Black "Sivarajasingam, Shayanna"]
[Result "1-0"]
[WhiteElo "1911"]
[BlackElo "1774"]
[PlyCount "109"]
[EventDate "2017.07.30"]
[EventType "swiss"]
[EventRounds "7"]
[EventCountry "WLS"]
[SourceTitle "CBM 179 Extra"]
[Source "ChessBase"]
[SourceDate "2017.08.23"]
[SourceVersion "1"]
[SourceVersionDate "2017.08.23"]
[SourceQuality "1"]

1. d4 e6 2. c4 d5 3. g3 Nf6 4. Nf3 Be7 5. Bg2 0-0 6. 0-0 dxc4 7. Ne5 c5 8. dxc5 Bxc5 9. Qc2 Qe7 10. Nd2 a6 11. Ne4 Nxe4 12. Bxe4 f5 13. Bg2 Ra7 14. Qxc4 b5 15. Qb3 Bb7 16. Bxb7 Rxb7 17. Bf4 Bd6 18. Rfd1 Bxe5 19. Bxe5 Re8 20. Rac1 Nd7 21. Bd6 Qf7 22. Rc6 Ra7 23. Qe3 Nf6 24. Bc5 Nd5 25. Qa3 Qb7 26. Rxe6 Rxe6 27. Bxa7 Qxa7 28. Rxd5 Rxe2 29. Rd8+ Kf7 30. Qf8+ Kg6 31. Rd6+ Kg5 32. Qd8+ Qe7 33. h4+ Kh5 34. Qxe7 Rxe7 35. Rxa6 Re2 36. b4 g6 37. Kf1 Rb2 38. a3 Ra2 39. Ra7 h6 40. f3 Rb2 41. Rb7 Rb3 42. Kg2 Rxa3 43. Rxb5 Rb3 44. Kf2 Rb2+ 45. Kf1 Rb3 46. Kg2 g5 47. Rxf5 Rxb4 48. hxg5 hxg5 49. f4 Kh6 50. Rxg5 Rb3 51. Re5 Kg6 52. g4 Kf6 53. Kf2 Ra3 54. Re3 Ra4 55. Kf3 1-0

[Event "GBR-ch Major 104th"]
[Site "Llandudno"]
[Date "2017.08.01"]
[Round "4"]
[White "Sivarajasingam, Shayanna"]
[Black "Willow, Hambel M"]
[Result "1-0"]
[WhiteElo "1774"]
[BlackElo "1802"]
[PlyCount "81"]
[EventDate "2017.07.29"]
[EventType "swiss"]
[EventRounds "9"]
[EventCountry "WLS"]
[SourceTitle "CBM 179 Extra"]
[Source "ChessBase"]
[SourceDate "2017.08.23"]
[SourceVersion "1"]
[SourceVersionDate "2017.08.23"]
[SourceQuality "1"]

1. e4 c6 2. d4 d5 3. Nc3 dxe4 4. Nxe4 Bf5 5. Ng3 Bg6 6. h4 h6 7. Nf3 Nd7 8. h5 Bh7 9. Bd3 Bxd3 10. Qxd3 e6 11. Bf4 Qa5+ 12. Bd2 Qc7 13. 0-0-0 Ngf6 14. Ne4 0-0-0 15. Kb1 Nxe4 16. Qxe4 Bd6 17. c4 c5 18. dxc5 Nxc5 19. Qe2 Be7 20. Bc3 Bf6 21. Bxf6 gxf6 22. Qe3 Kb8 23. Rxd8+ Rxd8 24. Qxh6 Ne4 25. Rc1 Nxf2 26. Qxf6 Ne4 27. Qe5 Nd2+ 28. Ka1 Nxf3 29. Qxc7+ Kxc7 30. gxf3 Rh8 31. Rh1 Kd6 32. Kb1 Kc5 33. Rh4 f5 34. Kc2 e5 35. Kc3 a5 36. h6 Rh7 37. b3 b5 38. cxb5 Kxb5 39. a3 e4 40. fxe4 fxe4 41. Kd4 1-0

[Event "BCF-ch U16"]
[Site "Llandudno"]
[Date "2017.07.30"]
[Round "1"]
[White "Ercsei, Estera Alexandra"]
[Black "Sivarajasingam, Shayanna"]
[Result "0-1"]
[WhiteElo "1281"]
[BlackElo "1774"]
[PlyCount "114"]
[EventDate "2017.07.30"]
[EventType "swiss"]
[EventRounds "7"]
[EventCountry "WLS"]
[SourceTitle "CBM 179 Extra"]
[Source "ChessBase"]
[SourceDate "2017.08.23"]
[SourceVersion "1"]
[SourceVersionDate "2017.08.23"]
[SourceQuality "1"]

1. Nf3 Nf6 2. g3 d5 3. d3 Bf5 4. Bg2 e6 5. 0-0 c5 6. Nbd2 Nc6 7. c4 Be7 8. Re1 0-0 9. cxd5 exd5 10. e4 dxe4 11. dxe4 Nxe4 12. Qe2 Nxd2 13. Bxd2 Qb6 14. Bc3 Rfe8 15. Nh4 Be6 16. b3 Rad8 17. Nf3 Nd4 18. Qb2 Bf6 19. Rad1 Nxf3+ 20. Bxf3 Bxc3 21. Qxc3 Qc7 22. Re5 Rxd1+ 23. Bxd1 Rd8 24. Bf3 b6 25. Rg5 Rd4 26. Qe3 Qd6 27. Qe5 Qxe5 28. Rxe5 Rd2 29. Re2 Rxe2 30. Bxe2 Kf8 31. Kf1 Ke7 32. Bf3 Kd6 33. Ke2 c4 34. b4 b5 35. a3 Bd5 36. Bg4 Be6 37. Bf3 f5 38. Ke3 Bd5 39. Bd1 Be4 40. Kd4 g6 41. f3 Bd3 42. h4 h6 43. g4 f4 44. a4 a6 45. a5 g5 46. h5 Ke6 47. Kc5 c3 48. Kb6 c2 49. Bxc2 Bxc2 50. Kxa6 Bd1 51. Kxb5 Bxf3 52. a6 Ba8 53. Kb6 f3 54. Kc7 f2 55. b5 f1Q 56. b6 Qxa6 57. Kb8 Qb7# 0-1

[Event "Gilbert Cup"]
[Site "Cardiff"]
[Date "2017.07.25"]
[Round "4.1"]
[White "Sivarajasingam, Shayanna"]
[Black "Graham, Cassie M"]
[Result "1/2-1/2"]
[WhiteElo "1774"]
[BlackElo "1874"]
[PlyCount "49"]
[EventDate "2017.07.24"]
[EventType "team-tourn"]
[EventRounds "5"]
[EventCountry "WLS"]
[SourceTitle "CBM 179 Extra"]
[Source "ChessBase"]
[SourceDate "2017.08.23"]
[SourceVersion "1"]
[SourceVersionDate "2017.08.23"]
[SourceQuality "1"]
[WhiteTeam "Wales (W)"]
[BlackTeam "England (W)"]
[WhiteTeamCountry "WLS"]
[BlackTeamCountry "ENG"]

1. e4 c5 2. Nf3 d6 3. Bb5+ Bd7 4. Bxd7+ Qxd7 5. c4 Nf6 6. Nc3 g6 7. 0-0 Bg7 8. d4 cxd4 9. Nxd4 0-0 10. f3 Rc8 11. b3 d5 12. exd5 Nxd5 13. Nxd5 e6 14. Be3 exd5 15. cxd5 Qxd5 16. Rb1 Rd8 17. Ne2 Nc6 18. Qxd5 Rxd5 19. Nf4 Re5 20. Bf2 Nb4 21. a3 Nd5 22. Nxd5 Rxd5 23. Rfd1 Rad8 24. Rxd5 Rxd5 25. a4 1/2-1/2